Admiral Taverns (Cygnet) Ltd v Tracy Daly & Anor (Record no. 81367)
[ view plain ]
| 000 -LEADER | |
|---|---|
| fixed length control field | 02004cad a22002415a 4500 |
| 001 - CONTROL NUMBER | |
| control field | L147057 |
| 008 - FIXED-LENGTH DATA ELEMENTS--GENERAL INFORMATION | |
| fixed length control field | 090327e20081125xxk f v 000 0 eng d |
| 035 ## - SYSTEM CONTROL NUMBER | |
| System control number | (Sirsi) u147057 |
| 041 0# - LANGUAGE CODE | |
| Language code of text/sound track or separate title | eng |
| 245 00 - TITLE STATEMENT | |
| Title | Admiral Taverns (Cygnet) Ltd v Tracy Daly & Anor |
| Medium | [electronic resource] |
| 260 ## - PUBLICATION, DISTRIBUTION, ETC. | |
| Date of publication, distribution, etc. | 2009 |
| 520 ## - SUMMARY, ETC. | |
| Summary, etc. | [2008] EWCA Civ 1501, 25 November 2008. The case concerned whether an appeal court has the power to postpone a possession order beyond the limits set by the Housing Act 1980. An appellant head lessee (C) appealed against a decision setting aside a possession order given to the respondents (D) lifting a stay of execution on the order on the basis that the Housing Act 1980 S89(1) did not apply to the court issuing the order. The county court had granted an order of possession and issued a warrant to the landlord. The respondent caretakers, whose license had been terminated, applied to appeal an immediate order for possession and were granted a stay pending the determination of an application for leave to appeal. The case turned around whether the appeal courts had an inherent jurisdiction to suspend possession orders. Held: appeal dismissed. An appellate court retains its inherent jurisdiction to stay an order pending an appeal. The wording of the Housing Act did not place any restriction on that jurisdiction. Boyland and Son v Rand applied. Applications to the court should arrive promptly and it was in the public interest that appeals were expedited. |
| 590 ## - LOCAL NOTE (RLIN) | |
| Local note | KA |
| 650 24 - SUBJECT ADDED ENTRY--TOPICAL TERM | |
| Topical term or geographic name entry element | BOYLAND AND SON LTD V RAND |
| 650 24 - SUBJECT ADDED ENTRY--TOPICAL TERM | |
| Topical term or geographic name entry element | BAIN AND CO V CHURCH COMMISSIONERS FOR ENGLAND |
| 650 24 - SUBJECT ADDED ENTRY--TOPICAL TERM | |
| Topical term or geographic name entry element | HACKNEY LBC V SIDE BY SIDE (KIDS) LTD |
| 650 24 - SUBJECT ADDED ENTRY--TOPICAL TERM | |
| Topical term or geographic name entry element | HOUSING ACT 1980 S89(1) |
| 650 24 - SUBJECT ADDED ENTRY--TOPICAL TERM | |
| Topical term or geographic name entry element | ADMIRAL TAVERNS (CYGNET) LTD V TRACY DALY & ANOR |
| 651 #4 - SUBJECT ADDED ENTRY--GEOGRAPHIC NAME | |
| Geographic name | England and Wales |
| Chronological subdivision | 1543- |
| 690 ## - LOCAL SUBJECT ADDED ENTRY--TOPICAL TERM (OCLC, RLIN) | |
| Topical term or geographic name as entry element | PROPERTY-RESIDENTIAL PROPERTY-RESIDENTIAL LANDLORD AND TENANT |
| 856 40 - ELECTRONIC LOCATION AND ACCESS | |
| Uniform Resource Identifier | <a href="https://www.bailii.org/ew/cases/EWCA/Civ/2008/1501.html">https://www.bailii.org/ew/cases/EWCA/Civ/2008/1501.html</a> |
| Public note | View the report at www.bailii.org... |
| 942 ## - ADDED ENTRY ELEMENTS (KOHA) | |
| Suppress in OPAC | 0 |
| Withdrawn status | Lost status | Source of classification or shelving scheme | Damaged status | Not for loan | Home library | Current library | Shelving location | Date acquired | Total Checkouts | Full call number | Barcode | Date last seen | Copy number | Price effective from | Koha item type |
|---|---|---|---|---|---|---|---|---|---|---|---|---|---|---|---|
| Dewey Decimal Classification | Virtual | Virtual | Online | 27/03/2009 | ONLINE PUBLICATION | 147057-1001 | 06/08/2019 | 1 | 06/08/2019 | Law report |